| 000 | 01031cab a22001935a 4500 | ||
|---|---|---|---|
| 001 | L144728 | ||
| 008 | 080806s2008 xxkd f s 000 0 eng d | ||
| 035 | _a(Sirsi) u144728 | ||
| 041 | 0 | _aeng | |
| 100 | 1 | _aWhotton, Kate | |
| 245 | 0 | 0 |
_aLondon lettings _bdemand is strong but so is supply |
| 260 | _c2008 | ||
| 490 |
_aProperty Forecast _v11(7) July 2008, 6-7(2) |
||
| 520 | _aDescribes the outlook for the London lettings market in the current financial downturn. Explains that strong demand is currently coupled with strong supply; as the property base grows thanks to 'unwilling' landlords who are renting their properties as a result of being unable to sell their properties at a suitable price. Suggests that now might be a good time for cash-rich investors to make multiple purchases, as house builders are under pressure to sell properties to clear balance sheets. | ||
| 650 | 2 | 4 | _aCREDIT CRUNCH |
| 651 | 4 |
_aEngland and Wales _y1543- |
|
| 690 | _aPROPERTY-RESIDENTIAL PROPERTY-RESIDENTIAL PROPERTY MARKET | ||
| 942 | _n0 | ||
| 999 |
_c80559 _d80559 |
||